00696nam a2200241 a 4500001001300000003000900013005001700022008004100039020001000080082001600090100002300106245005000129260003700179300000900216500003500225505001600260650002900276700002300305902000800328942000700336952009600343999001500439nice12345678IN_TiNIC20260116012238.0050524s1929 nasa grp 000 0 eng  ac10000a220.07bWIL aWilliams, Walter G aBooks of the Lawb a Guide for Bible Readers. aNashvillebCokesbury Pressc1929 a160p aincludes index and biblioraphy2 aUrdu-Arabic aBible-Study and Teaching1 aWilliams, Walter G bSRS cBK 00104070aHMIbHMId2007-06-15g100.00l0o220.07 WILp9941r2007-06-15w2026-01-16yARB c6225d6225